Advances in gravity concentration
Uloženo v:
| Hlavní autoři: | , |
|---|---|
| Médium: | Kniha |
| Jazyk: | angličtina |
| Vydáno: |
Englewood Cliffs
SME
2003
|
| Vydání: | 1a. ed |
| Témata: | |
| Tagy: |
Přidat tag
Žádné tagy, Buďte první, kdo vytvoří štítek k tomuto záznamu!
|
MARC
| LEADER | 00000cam a2200000 a 4500 | ||
|---|---|---|---|
| 001 | UCE2578 | ||
| 003 | CL-VaPUC | ||
| 008 | 140710e20030000us |||||||||||||||||eng|d | ||
| 020 | |a 0873352270 | ||
| 082 | 0 | 4 | |a 622.751 |b HON |2 21 |
| 100 | 0 | |a Honaker, R. Q |e author |9 575069 | |
| 700 | 0 | |a Forrest, W. R |e author |9 575070 | |
| 245 | 1 | 0 | |a Advances in gravity concentration |
| 250 | |a 1a. ed | ||
| 300 | |a 190 p | ||
| 942 | |c BK | ||
| 945 | |d 20140710 11:54:00 |a dcastane | ||
| 260 | |a Englewood Cliffs |b SME |c 2003 | ||
| 650 | 7 | |a CONCENTRADO DE COBRE |2 CL-VaPUC |9 575071 | |
| 650 | 0 | |a Industria minera |9 260256 | |
| 650 | 0 | |a Industria metalúrgica |9 364008 | |
| 583 | |a last modification |c 20140710 11:54:00 |k Rodrigo Vera | ||
| 999 | |c 356168 |d 356166 | ||
| 952 | |0 0 |1 0 |3 erb |4 0 |6 622_751000000000000_HON_2003 |7 0 |8 A |9 463339 |a BIBING |b BIBING |i 508959K |o 622.751 HON 2003 |p 508959K |r 2025-01-20 |w 2019-11-23 |y BK |z Catalogado en:20140710 |k EIQ | ||